00500nam a2200169Ia 4500008004100000100002400041245003900065245002300104260002500127260000900152300002900161440006800190650002000258650001300278650002100291650001800312200115s9999 xx 000 0 und d aDi Cintio, Marcello aCan we save the mountain gorilla?/ cMarcello Di Cintio bReader's Digest Asia c2019 aPages 26-35, August 2019 aAsia Reader's Digest: Acts of Kindness Everyone can dov116:678 aanimal habitats agorillas amountain gorilla aUganda forest